Library Banner

UK GAAP: (Record no. 24481)

MARC details
000 -LEADER
fixed length control field 00570nam a2200205Ia 4500
001 - CONTROL NUMBER
control field 24279
008 - FIXED-LENGTH DATA ELEMENTS--GENERAL INFORMATION
fixed length control field 140410s9999 xx 000 0 und d
020 ## - INTERNATIONAL STANDARD BOOK NUMBER
International Standard Book Number 0-333-61619-7
040 ## - CATALOGING SOURCE
Transcribing agency PK-LaUMT
082 ## - DEWEY DECIMAL CLASSIFICATION NUMBER
Classification number 657.0941
Item number DAV-U
100 ## - MAIN ENTRY--PERSONAL NAME
Personal name Allister Wilson
245 ## - TITLE STATEMENT
Title UK GAAP:
Remainder of title generally accepted accoutning practice in the United Kingdom
Statement of responsibility, etc Allister Wilson<>Mike Davies<>Ron Paterson
250 ## - EDITION STATEMENT
Edition statement 4th
260 ## - PUBLICATION, DISTRIBUTION, ETC. (IMPRINT)
Place of publication, distribution, etc Berkley,USA:
Name of publisher, distributor, etc Macromedia Press,
Date of publication, distribution, etc 1994
300 ## - PHYSICAL DESCRIPTION
Extent 1610 p.
546 ## - LANGUAGE NOTE
Language note EN
700 ## - ADDED ENTRY--PERSONAL NAME
Personal name Mike Davies
700 ## - ADDED ENTRY--PERSONAL NAME
Personal name Ron Paterson
942 ## - ADDED ENTRY ELEMENTS (KOHA)
Koha item type Books
Holdings
Withdrawn status Lost status Damaged status Not for loan Home library Current library Date acquired Total Checkouts Full call number Barcode Date last seen Date checked out Price effective from Koha item type
        UMT Main Campus UMT Main Campus 2014-04-10 2 657.0941 DAV-U 27231 2025-09-05 2025-08-13 2014-04-24 Books